000 00942nam a2200241 a 4500
001 38356
003 BD-RjUL
005 20211209052800.0
008 160717s1984 ii a|||| |||| 00| 0 ben d
020 _c: Tk.35.00
035 _a(BD-RjUL)38461
040 _aBD-RjUL
_bben
_cBD-RjUL
041 _aben
082 _a891.444
_bBOB 1984
_223
100 _aবন্দ্যেপাধ্যায়, বিভূতিভূষণ
_9112255
245 _aবিভূতি-রচনাবলী /
_cবিভূতিভূষণ বন্দ্যেপাধ্যায়.
260 _aকলিকাতা :
_bমিত্র ও ঘোষ পাবলিসার্স,
_c১৯৮৪.
300 _a খন্ড ;
_c২৪ সেমি.
505 _aখন্ড ১ --
650 _aবাংলা সাহিত্য
_vরচনাবলী
_9112256
650 _aBengali Literarature
_vEssays
_9112257
942 _2ddc
_cBK
_01
999 _c38356
_d38356